01135nam a2200193 a 4500008004100000020001800041050002000059100001800079245008600097260006000183300002200243650004000265650003500305995015300340995015300493999001700646952013900663952013900802161010s2011 ||||||||||||||||| || u a9780864867414 aHD 6948.M72 NKO aNkosi, Morley10aMining deep: the origins of the labour structure in South AfricacBy Morley Nkosi aClaremont, South Africa:bDavid Philip Publishersc2011 axvii, 331p.: ill. aMINERS--LABOUR UNIONS--SOUTH AFRICA aMINNERS--SOUTH AFRICA--HISTORY aMAIN LIBRARY OPEN ACCESSe747026FCBU-MAIN LIBRARY (Kitwe)jHD 6948.M72 NKOM2UAVAILABLEWNov 15, 2016y747026ZMain Library Open Access Collection aMAIN LIBRARY OPEN ACCESSe747025FCBU-MAIN LIBRARY (Kitwe)jHD 6948.M72 NKOM1UAVAILABLEWOct 20, 2016y747025ZMain Library Open Access Collection c77680d77680 00102lcc4070a001b001cMain Library Open Access Collectiond2023-05-03l0oHD 6948.M72 NKOp747026r2023-05-03t1w2023-05-03y002 00102lcc4070a001b001cMain Library Open Access Collectiond2023-05-03l0oHD 6948.M72 NKOp747025r2023-05-03t2w2023-05-03y002